01446cam a2200349 a 4500001001400000003000800014005001700022006001900039007001500058008004100073020003800114040003000152049002600182050002300208082001700231100001700248245012000265260004100385300003600426520025300462521001700715588004700732504005100779650002200830650003500852655002900887710001600916776003500932856009400967942001601061999001901077EDZ0000104781StDuBDS20161031105204.0m||||||||d||||||||cr |||||||||||121017s2011 ii fo| 001|0|eng d a9781446270295 (ebook) :cNo price aStDuBDSbengcStDuBDSepn aAlfaisal Main Library 0aHM477.I4bM33 201104a301.09542231 aMadan, T. N.10aSociological traditionsh[electronic resource] :bmethods and perspectives in the sociology of India /cT.N. Madan. aNew Delhi ;aLondon :bSAGE,cc2011. a1 online resource (xxi, 306 p.)8 aThis title looks at the sociology of India from two perspectives: first, understanding the cultural traditions of India with special reference to religious and ethical values and second, exploring the growth of the sociological traditions of India. aSpecialized. aDescription based on print version record. aIncludes bibliographical references and index. 0aSociologyzIndia. 0aReligion and sociologyzIndia. 7aElectronic books.2local2 aSage eBooks08iPrint version :z978813210575640uhttp://ezproxy.alfaisal.edu/login?url=http://sk.sagepub.com/books/sociological-traditions 2lcccEBOOKS c481274d481274